000 00657nam a2200217Ia 4500
003 OSt
005 20260518152100.0
008 210210b1954 xxu||||| |||| 00| 0 eng d
040 _cAL
041 _aKannada
082 _a856/41
100 _aDSOUZA ಡಿಸೋಜಾ
_9138953
245 _aSarvajanika hanakasu ಸಾರ್ವಜನಿಕ ಹಣಕಾಸು
260 _aMaisuru
_bMaisuru Vishvavidyalaya
_c1954
650 _aDisoja
_9264075
690 _aKannada Miscellaneous
_9138958
700 _aSUBBARAV ಸುಬ್ಬರಾವ್
_9138959
700 _aPUTTAPPA ಪುಟ್ಟಪ್ಪ
_9157434
906 _a020292
942 _2ddc
_cBK
999 _c144444
_d144444